| 000 | 00415 a2200157 4500 | ||
|---|---|---|---|
| 020 | _a0566074176 | ||
| 082 | _a228 | ||
| 090 |
_c6269 _d6269 |
||
| 100 | _aGoldratt,Eliyahu M. | ||
| 245 |
_aThe Goal. _bA process of Ongoing Improvement. _cEliyahu M.Goldratt. _hJeff Cox. |
||
| 250 | _a2nd. | ||
| 260 |
_aEngland. _bGower Publishing. _c1993. |
||
| 300 | _a333p. | ||
| 500 | _aHard cover. | ||
| 942 |
_aNBS _cBK _k228 GOL |
||
| 999 |
_c348638 _d348638 |
||